01482cam a22003495i 4500999001700000001000900017003000900026005001700035008004100052020001800093040003800111043001200149082002000161100002800181245003300209264003400242300002300276336002600299337002800325338002700353520030100380610004300681650004400724650003900768650003000807651004000837651003300877653002600910655002600936942001200962952015800974 c10937d1093714234581EG-ScBUE20210131152941.0060118s2007 enk g 000 1 eng d a9780099179511 aDLCbengerdacDLCdDLCdEG-ScBUE an-us-ms04a813.54bGRI2221 aGrisham, John,eauthor.14aThe chamber /cJohn Grisham. 1aLondon :bArrow Books,c2007. a598 pages ;c20 cm atextbtxt2rdacontent aunmediatedbn2rdamedia avolumebnc2rdacarrier aIn Mississippi, a young lawyer races against time to save his grandfather from the gas chamber. The grandfather was tried three times for a Ku Klux Klan bombing which killed two civil rights workers in 1967. He was found innocent twice, but guilty the third time. By the author of A Time To Kill.27aKu Klux Klan (1915- )xFiction.2BUEsh 7aCivil rights movementsxFiction.2BUEsh 7aDeath row inmatesxFiction.2BUEsh 7aBombingsxFiction.2BUEsh 7aGreenville (Miss.)xFiction.2BUEsh 7aMississippixFiction.2BUEsh bHHUUEENNcJanuary2021 7aLegal stories.2gsafd 2ddccBB 00102ddc40708AlahramaMAINbMAINc2NDd2009-02-24epurchaseg49.00h368l4m7o813.54 GRIp000014893r2025-07-15 00:00:00s2016-03-03w2009-02-24yBB